Statistiques concernant Quiz Celebrités

Cliquez ici pour prendre le quiz!

Statistiques générales

  • Ce quiz a été pris 584 fois
  • Le résultat moyen est 9 sur 15

Statistiques - réponses

Réponse% Correct
Emma Watson
88%
Justin Bieber
87%
Angelina Jolie
74%
Lionnel Messi
74%
Selena Gomez
74%
Selena Gomez
74%
Lady Gaga
70%
Daniel Radcliff
69%
George Clooney
69%
Nicki Minaj
59%
Mickeal Jackson
58%
Tailor Swift
48%
Wilson Churchil
35%
Robert Pattison
11%
Jennifer Lopez
3%

Distribution des résultats

Percentile par nombre de réponses

% des personnes avec chaque résultat

Votre développement - résultats

Vous n’avez pas pris ce quiz